000 00503nam a2200205Ia 4500
005 20240823053519.0
008 240331s9999 xx 000 0 und d
020 _a041501011X
082 _bMAK
_a801
100 _a
245 0 _aMaking a difference :
_bfeminist literary criticism
260 _aLondon
_bRoutledge
_c1985
300 _axiii, 273 p .,
650 _aCultural
650 _aPolitical
650 _aGender
700 _aGreene, G.
_eedt
700 _aKahn, Coppelia
_eedt
942 _cL
999 _c3127
_d3127